000
00318nam a22001337a 4500
003
SGT
082
_a
954.034
_b
F08S
100
_a
SHAHI, LALITESHWAR PRASAD
245
_a
FREEDOM AND BEYOND
260
_a
INDIA
_b
SHRI KRISHNA SHIKSHA PRATISHTAN
_c
2008
300
_a
143
650
_a
MAHATMA GANDHI
942
_2
ddc
_c
BK
999
_c
26100
_d
26100